000 01096nam a22002897a 4500
003 CHAP
005 20220329135349.0
008 971013s1929 r 00010 d
010 _a35103
011 _a36075
035 _a40194
040 _cCHAP
082 _a336.72
_bM48 1827/28
110 _aMéxico. Ministerio de Hacienda
_977072
245 _aMemoria leída en la cámara de diputados, el día 3, y la de senadores. El 7 de enero de 1829
260 _aMéxico, D.F. :
_bImprenta del Aguila, dirigida por Ximeno,
_c1929
300 _a16 p. y 74 anexos
500 _aEncuadernado con: Memoria de justicia y negocios eclesiásticos, Memoria de Marina, Memoria de guerra, Memoria de relaciones interiores y exteriores
590 _aBATCH-UPD
_b10
_c20130110
_lUCH01
_h1716
590 _aBATCH-UPD
_b10
_c20130410
_lUCH01
_h1101
590 _aBATCH-UPD
_b10
_c20130914
_lUCH01
_h1409
590 _aCONVERSION
_b10
_c20130109
_lUCH01
_h1320
650 1 4 _aFinanzas públicas
_zMéxico.
_940975
901 _aBK
942 _cLIBRO
949 _a336.72 M48 1827/28
_bBC
_cBPP
_d-91789
_eBPP
_i40194
_si
999 _c35103
_d35103